| 000 | 00561nam a22002057a 4500 | ||
|---|---|---|---|
| 005 | 20250828110456.0 | ||
| 008 | 250828b |||||||| |||| 00| 0 eng d | ||
| 037 | _cTB | ||
| 040 |
_aCRL _cCRL |
||
| 041 |
_2eng _aeng |
||
| 084 | _qCRL | ||
| 100 |
_aChatterjee (S.) _976120 |
||
| 245 | _aEssays and Studies | ||
| 260 |
_aN. York, USA: _bNorton Library, _c1961. |
||
| 300 | _a477p. | ||
| 365 |
_b1.95 _c💲 |
||
| 440 | _vVol.2 | ||
| 942 |
_2CC _cTB _n0 |
||
| 999 |
_c1434928 _d1434928 |
||